[Event "SVK-ch U12 Girls"]
[Site "Dudince"]
[Date "2023.04.21"]
[Round "7"]
[White "Gondekova, Emma"]
[Black "Polackova, Eva"]
[Result "1/2-1/2"]
[WhiteElo "1199"]
[BlackElo "1177"]
[PlyCount "78"]
[EventDate "2023.04.16"]
[EventType "swiss"]
[EventRounds "9"]
[EventCountry "SVK"]
[SourceTitle "CBM 213 Extra"]
[Source "ChessBase"]
[SourceDate "2023.05.31"]
[SourceVersion "1"]
[SourceVersionDate "2023.05.31"]
[SourceQuality "1"]

1. e4 c6 2. d4 d5 3. e5 c5 4. c3 cxd4 5. cxd4 Nc6 6. Nc3 Bf5 7. Nf3 e6 8. Be2 Nge7 9. 0-0 Nc8 10. Be3 h6 11. Rc1 Nb6 12. a3 Be7 13. h3 0-0 14. Qd2 Na5 15. Qd1 Nac4 16. Bxc4 Nxc4 17. Qb3 Nxe3 18. fxe3 b6 19. Qd1 f6 20. Ne2 fxe5 21. Nxe5 Rc8 22. Nf4 Rxc1 23. Qxc1 Bg5 24. g4 Bxf4 25. Rxf4 Be4 26. Rxf8+ Qxf8 27. Qf1 Qxf1+ 28. Kxf1 g5 29. b4 Kf8 30. Kf2 Ke8 31. Kg3 a5 32. h4 Ke7 33. hxg5 hxg5 34. Kf2 axb4 35. axb4 b5 36. Kg3 Kf6 37. Kf2 Bg6 38. Kf3 Be4+ 39. Kg3 Bh1 1/2-1/2

[Event "SVK League Cup 1st"]
[Site "Tornelo INT"]
[Date "2021.03.28"]
[Round "2"]
[White "Polackova, Eva"]
[Black "Priechodsky, Radovan"]
[Result "0-1"]
[WhiteElo "1260"]
[BlackElo "2068"]
[PlyCount "102"]
[EventDate "2021.03.27"]
[EventType "swiss"]
[EventRounds "8"]
[EventCountry "SVK"]
[SourceTitle "EXT 2022"]
[Source "ChessBase"]
[SourceDate "2021.10.06"]
[SourceVersion "1"]
[SourceVersionDate "2021.10.06"]
[SourceQuality "1"]

1. e4 c5 2. c3 d5 3. exd5 Qxd5 4. Nf3 Nc6 5. d4 Bg4 6. Be2 0-0-0 7. 0-0 e6 8. Be3 cxd4 9. cxd4 Nf6 10. Nc3 Qd7 11. Ne5 Bxe2 12. Nxe2 Nxe5 13. dxe5 Qxd1 14. Rfxd1 Nd5 15. Rac1+ Kb8 16. Rc2 Be7 17. Rcd2 b6 18. Nd4 Kb7 19. Rc1 Nxe3 20. fxe3 Bg5 21. Re2 Rxd4 22. exd4 Bxc1 23. Rc2 Be3+ 24. Kf1 Bxd4 25. Re2 Rc8 26. Ke1 Rc5 27. b4 Rxe5 28. Rxe5 Bxe5 29. Ke2 Bxh2 30. Kf2 Bd6 31. Kf3 Bxb4 32. Ke4 Bd6 33. Kd4 f5 34. Ke3 g5 35. Kf3 g4+ 36. Kf2 h5 37. Ke3 e5 38. Kf2 f4 39. Ke2 e4 40. Kf2 Kc6 41. Ke2 Kd5 42. Kf2 f3 43. gxf3 exf3 44. a4 Ke4 45. Ke1 g3 46. Kf1 g2+ 47. Kf2 h4 48. Kg1 Kf4 49. Kf2 h3 50. Kg1 Kg3 51. a5 f2# 0-1